[Event "Alberta-ch"]
[Site "Edmonton CAN"]
[Date "1998.04.11"]
[Round "4"]
[White "Odachowski, Arthur"]
[Black "Gardner, Robert"]
[Result "0-1"]
[WhiteElo "2297"]
[BlackElo "2348"]
[PlyCount "125"]
[GameId "2160767911873504"]
[EventDate "1998.04.10"]
[EventType "tourn"]
[EventRounds "7"]
[EventCountry "CAN"]
[SourceTitle "EXT 2017"]
[Source "ChessBase"]
[SourceDate "2016.10.25"]
[SourceVersion "1"]
[SourceVersionDate "2016.10.25"]
[SourceQuality "1"]

1. c4 e5 2. Nc3 Nc6 3. g3 g6 4. Bg2 Bg7 5. e3 d6 6. Nge2 f5 7. O-O Nf6 8. d3 Be6 9. Nd5 O-O 10. b3 Qd7 11. Bb2 Nd8 12. Nxf6+ Bxf6 13. Qc2 c6 14. Rad1 d5 15. f4 Nf7 16. e4 d4 17. Bc1 fxe4 18. Bxe4 Nd6 19. Bg2 Rae8 20. fxe5 Bxe5 21. Nf4 Bf5 22. Ba3 Rf7 23. Qd2 Bg4 24. Rde1 Nf5 25. Bf3 Ne3 26. Qe2 Bxf3 27. Rxf3 Bxf4 28. Rxf4 Rxf4 29. gxf4 Qf5 30. Bd6 Re6 31. Be5 Qg4+ 32. Qxg4 Nxg4 33. c5 Nxe5 34. fxe5 Re8 35. Re4 Kf7 36. Rxd4 Rxe5 37. Rb4 Re7 38. Kf2 Kf6 39. Kf3 g5 40. Ra4 a6 41. Rd4 Kf5 42. Rd8 h5 43. h3 Rg7 44. b4 Ke5 45. d4+ Kf5 46. a4 g4+ 47. hxg4+ hxg4+ 48. Kg3 Ke4 49. Rd6 Kd3 50. d5 cxd5 51. c6 bxc6 52. Rxc6 Rb7 53. Rxa6 Rxb4 54. Ra5 d4 55. Kxg4 Ke2 56. Re5+ Kd1 57. a5 d3+ 58. Kf3 d2 59. a6 Ra4 60. Re6 Ra1 61. Ke3 Ra3+ 62. Kf2 Ra5 63. Rf6 0-1

[Event "Alberta-ch"]
[Site "Edmonton CAN"]
[Date "1998.04.11"]
[Round "4"]
[White "Ottosen, David"]
[Black "Huber, Gregory"]
[Result "1/2-1/2"]
[WhiteElo "2158"]
[BlackElo "2349"]
[PlyCount "55"]
[GameId "2160767911873505"]
[EventDate "1998.04.10"]
[EventType "tourn"]
[EventRounds "7"]
[EventCountry "CAN"]
[SourceTitle "EXT 2017"]
[Source "ChessBase"]
[SourceDate "2016.10.25"]
[SourceVersion "1"]
[SourceVersionDate "2016.10.25"]
[SourceQuality "1"]

1. e4 c5 2. Nf3 d6 3. d4 cxd4 4. Nxd4 Nf6 5. Nc3 a6 6. Bg5 Nc6 7. Bxf6 gxf6 8. Qd2 e6 9. O-O-O Bd7 10. f4 Qb6 11. Nb3 O-O-O 12. Be2 Na5 13. Rhf1 Nxb3+ 14. axb3 h5 15. Kb1 Bc6 16. Na4 Bxa4 17. bxa4 Kb8 18. Rf3 Rc8 19. Rc3 Rxc3 20. Qxc3 Be7 21. h3 h4 22. Qd4 Qxd4 23. Rxd4 Rg8 24. Bg4 Kc7 25. Rd3 Kd7 26. Bf3 Rc8 27. b3 b6 28. Kb2 1/2-1/2

[Event "Alberta-ch"]
[Site "Edmonton CAN"]
[Date "1998.04.11"]
[Round "5"]
[White "Gardner, Robert"]
[Black "Fullbrook, Nigel"]
[Result "1/2-1/2"]
[WhiteElo "2348"]
[BlackElo "2323"]
[PlyCount "216"]
[GameId "2160767911873506"]
[EventDate "1998.04.10"]
[EventType "tourn"]
[EventRounds "7"]
[EventCountry "CAN"]
[SourceTitle "EXT 2017"]
[Source "ChessBase"]
[SourceDate "2016.10.25"]
[SourceVersion "1"]
[SourceVersionDate "2016.10.25"]
[SourceQuality "1"]

1. e4 d6 2. d4 Nf6 3. Nc3 g6 4. g3 Bg7 5. Bg2 Nbd7 6. Nge2 O-O 7. h3 c5 8. Be3 cxd4 9. Nxd4 Ne5 10. O-O Bd7 11. Kh2 Rc8 12. Nce2 b5 13. b3 Rc7 14. Bd2 Qb8 15. f4 Nc6 16. Be3 Rfc8 17. a3 Bg4 18. Ra2 Nxd4 19. Bxd4 Bxe2 20. Qxe2 Ng4+ 21. Qxg4 Bxd4 22. Qd1 Bc3 23. Bf3 a5 24. Be2 Qb6 25. Bd3 Rb8 26. Qe2 Rcb7 27. Rf3 Qd4 28. Kg2 e6 29. Qf2 Qxf2+ 30. Kxf2 Rc7 31. Ke2 d5 32. Kf1 dxe4 33. Bxe4 Kf8 34. Rd3 Ke7 35. Bf3 f5 36. Be2 h6 37. h4 Rb6 38. Kg2 Kf6 39. Rd8 g5 40. hxg5+ hxg5 41. fxg5+ Kxg5 42. Rg8+ Kf6 43. g4 fxg4 44. Rxg4 Rg7 45. Rxg7 Kxg7 46. Kf3 Kf6 47. Ke4 Ke7 48. Kd3 Rc6 49. Ke4 Rc5 50. b4 Re5+ 51. Kd3 axb4 52. axb4 Bxb4 53. c4 Bd6 54. cxb5 Rxb5 55. Ke3 Rb3+ 56. Bd3 Bc5+ 57. Ke4 Rb4+ 58. Kf3 e5 59. Rc2 Rf4+ 60. Kg3 Kd6 61. Re2 Kd5 62. Bc2 Kd4 63. Bb1 Rf1 64. Be4 Be7 65. Bg2 Rf8 66. Re4+ Kd3 67. Bf3 Bg5 68. Kg4 Bf4 69. Ra4 Bc1 70. Be4+ Ke3 71. Bg6 Bb2 72. Re4+ Kf2 73. Bh5 Bd4 74. Kg5 Be3+ 75. Kg6 Bf4 76. Kg7 Rf5 77. Bd1 Kg3 78. Kg6 Rf8 79. Kg7 Rd8 80. Be2 Rd6 81. Kf7 Kh4 82. Ke7 Rb6 83. Bc4 Kg5 84. Be6 Kg6 85. Rc4 Bg5+ 86. Kd7 Kg7 87. Bd5 Bf4 88. Rc6 Rb5 89. Ke6 Kg6 90. Rc8 Rb6+ 91. Rc6 Rb8 92. Rc7 Re8+ 93. Re7 Rg8 94. Be4+ Kg5 95. Bd5 Rg6+ 96. Kf7 Rf6+ 97. Ke8 Kg4 98. Bb7 Rb6 99. Be4 Bg3 100. Kf7 Kf4 101. Bc2 Bh4 102. Re6 Rb7+ 103. Kg6 Rb2 104. Bd3 Bg3 105. Kf7 Ke3 106. Bg6 Kd4 107. Re7 Bh4 108. Re6 Rb7+ 1/2-1/2

[Event "Alberta-ch"]
[Site "Edmonton CAN"]
[Date "1998.04.11"]
[Round "5"]
[White "Huber, Gregory"]
[Black "Yearwood, Roy"]
[Result "1-0"]
[WhiteElo "2349"]
[BlackElo "2253"]
[PlyCount "77"]
[GameId "2160767911873507"]
[EventDate "1998.04.10"]
[EventType "tourn"]
[EventRounds "7"]
[EventCountry "CAN"]
[SourceTitle "EXT 2017"]
[Source "ChessBase"]
[SourceDate "2016.10.25"]
[SourceVersion "1"]
[SourceVersionDate "2016.10.25"]
[SourceQuality "1"]

1. c4 Nf6 2. Nc3 g6 3. e4 d6 4. d4 Bg7 5. Nf3 O-O 6. Be2 Nc6 7. O-O e5 8. d5 Ne7 9. Ne1 Ne8 10. Nd3 f5 11. Bd2 Nf6 12. f3 c6 13. a4 a5 14. dxc6 bxc6 15. c5 Rb8 16. cxd6 Qxd6 17. Be3 Ba6 18. Qc2 Rfd8 19. Rfd1 Bxd3 20. Bxd3 Kh8 21. Bc4 Qc7 22. b3 Nh5 23. Rxd8+ Rxd8 24. Rd1 Rd4 25. Ne2 c5 26. Nxd4 exd4 27. Bf2 Be5 28. g3 fxe4 29. Qxe4 Nf6 30. Qa8+ Kg7 31. f4 Bd6 32. Qf3 h5 33. Re1 Ng4 34. Re6 Nf6 35. Be1 Nf5 36. Bd2 Ng8 37. Qa8 Nge7 38. Bxa5 Qd7 39. Qe4 1-0

[Event "Alberta-ch"]
[Site "Edmonton CAN"]
[Date "1998.04.11"]
[Round "5"]
[White "South, Robert"]
[Black "Ottosen, David"]
[Result "1/2-1/2"]
[WhiteElo "2319"]
[BlackElo "2158"]
[PlyCount "71"]
[GameId "2160767911873508"]
[EventDate "1998.04.10"]
[EventType "tourn"]
[EventRounds "7"]
[EventCountry "CAN"]
[SourceTitle "EXT 2017"]
[Source "ChessBase"]
[SourceDate "2016.10.25"]
[SourceVersion "1"]
[SourceVersionDate "2016.10.25"]
[SourceQuality "1"]

1. e4 c5 2. Nf3 Nc6 3. Nc3 d6 4. Bb5 Bd7 5. Bxc6 Bxc6 6. d4 cxd4 7. Qxd4 Nf6 8. Bg5 e6 9. O-O-O Be7 10. Rhe1 Qa5 11. Kb1 Rd8 12. Nd5 Bxd5 13. exd5 h6 14. Bh4 g5 15. Bg3 Qxd5 16. Qxa7 Qc6 17. Rd3 Nd5 18. Qd4 O-O 19. Qe4 Bf6 20. Nd4 Qa4 21. Nxe6 Qxe4 22. Rxe4 fxe6 23. Rxe6 Rfe8 24. Rxe8+ Rxe8 25. a3 Nf4 26. Rxd6 Kf7 27. Rb6 Re7 28. Bxf4 gxf4 29. Rb4 Be5 30. c3 Ke8 31. Kc2 Kd8 32. Rb6 Bg7 33. Kd3 Kc7 34. Rg6 Kd7 35. Rg4 Be5 36. Rg6 1/2-1/2

[Event "Alberta-ch"]
[Site "Edmonton CAN"]
[Date "1998.04.12"]
[Round "6"]
[White "Fullbrook, Nigel"]
[Black "Ottosen, David"]
[Result "1-0"]
[WhiteElo "2323"]
[BlackElo "2158"]
[PlyCount "67"]
[GameId "2160767911873509"]
[EventDate "1998.04.10"]
[EventType "tourn"]
[EventRounds "7"]
[EventCountry "CAN"]
[SourceTitle "EXT 2017"]
[Source "ChessBase"]
[SourceDate "2016.10.25"]
[SourceVersion "1"]
[SourceVersionDate "2016.10.25"]
[SourceQuality "1"]

1. e4 c5 2. c3 Nf6 3. e5 Nd5 4. d4 cxd4 5. Nf3 Nc6 6. cxd4 d6 7. exd6 e6 8. Be2 Bxd6 9. Nc3 Nxc3 10. bxc3 O-O 11. O-O e5 12. d5 Ne7 13. c4 Qc7 14. h3 b6 15. Bb2 Ng6 16. Re1 Nf4 17. Bf1 Re8 18. Rc1 Bf5 19. Ng5 e4 20. Qa4 h6 21. c5 hxg5 22. cxd6 Qxd6 23. g3 Nxh3+ 24. Bxh3 Bxh3 25. Rxe4 Qxd5 26. Rxe8+ Rxe8 27. Qxe8+ Kh7 28. f3 Qxf3 29. Rc2 Qxg3+ 30. Kh1 Bg4 31. Rh2+ Kg6 32. Qe4+ Bf5 33. Qc6+ f6 34. Qe8# 1-0

[Event "Alberta-ch"]
[Site "Edmonton CAN"]
[Date "1998.04.12"]
[Round "6"]
[White "Odachowski, Arthur"]
[Black "Huber, Gregory"]
[Result "0-1"]
[WhiteElo "2297"]
[BlackElo "2349"]
[PlyCount "48"]
[GameId "2160767911873510"]
[EventDate "1998.04.10"]
[EventType "tourn"]
[EventRounds "7"]
[EventCountry "CAN"]
[SourceTitle "EXT 2017"]
[Source "ChessBase"]
[SourceDate "2016.10.25"]
[SourceVersion "1"]
[SourceVersionDate "2016.10.25"]
[SourceQuality "1"]

1. d4 d5 2. c4 e6 3. Nc3 c5 4. cxd5 exd5 5. g3 Nc6 6. Nf3 Nf6 7. Bg2 Be7 8. O-O O-O 9. h3 Re8 10. Be3 c4 11. Ne5 h6 12. f4 Bb4 13. g4 Bxc3 14. bxc3 h5 15. g5 Ne4 16. Bxe4 dxe4 17. Nxc6 bxc6 18. f5 Qd5 19. f6 Bxh3 20. Rf2 g6 21. Kh2 Bd7 22. Qc1 Rab8 23. Qa3 Qe6 24. Bf4 Rb5 0-1

[Event "Alberta-ch"]
[Site "Edmonton CAN"]
[Date "1998.04.12"]
[Round "6"]
[White "Yearwood, Roy"]
[Black "South, Robert"]
[Result "0-1"]
[WhiteElo "2253"]
[BlackElo "2319"]
[PlyCount "96"]
[GameId "2160767911873511"]
[EventDate "1998.04.10"]
[EventType "tourn"]
[EventRounds "7"]
[EventCountry "CAN"]
[SourceTitle "EXT 2017"]
[Source "ChessBase"]
[SourceDate "2016.10.25"]
[SourceVersion "1"]
[SourceVersionDate "2016.10.25"]
[SourceQuality "1"]

1. d4 c5 2. d5 f5 3. Qd3 d6 4. Bg5 Nf6 5. Bxf6 exf6 6. Nc3 Na6 7. e3 Bd7 8. h4 Nc7 9. h5 Qe7 10. g3 O-O-O 11. a4 Qf7 12. Rh4 Be7 13. O-O-O Kb8 14. Nf3 Ka8 15. Nd2 g5 16. hxg6 hxg6 17. Rxh8 Rxh8 18. Nf3 a6 19. Qc4 Bd8 20. b4 cxb4 21. Qxb4 Qe7 22. Nd2 Rh2 23. Nc4 Ne8 24. Bd3 Bc7 25. Nb5 axb5 26. axb5 b6 27. Kb2 Bc8 28. Ra1+ Kb8 29. Qa4 Bb7 30. Qa7+ Kc8 31. Ra3 Qd7 32. Nxb6+ Bxb6 33. Qxb6 Nc7 34. Rc3 Kb8 35. Bc4 Na8 36. Qd4 Qe7 37. f4 Qd8 38. e4 Nb6 39. Bb3 Rh5 40. exf5 gxf5 41. Re3 Bc8 42. Qd1 Rh7 43. Qe2 Qc7 44. Re8 Qc5 45. Qe6 Qb4 46. Ka2 Rh1 47. Qxf6 Qa5+ 48. Kb2 Qa1# 0-1

[Event "Alberta-ch"]
[Site "Edmonton CAN"]
[Date "1998.04.12"]
[Round "7"]
[White "Huber, Gregory"]
[Black "Gardner, Robert"]
[Result "1/2-1/2"]
[WhiteElo "2349"]
[BlackElo "2348"]
[PlyCount "27"]
[GameId "2160767911873512"]
[EventDate "1998.04.10"]
[EventType "tourn"]
[EventRounds "7"]
[EventCountry "CAN"]
[SourceTitle "EXT 2017"]
[Source "ChessBase"]
[SourceDate "2016.10.25"]
[SourceVersion "1"]
[SourceVersionDate "2016.10.25"]
[SourceQuality "1"]

1. Nf3 c5 2. c4 Nc6 3. Nc3 g6 4. g3 Bg7 5. Bg2 f5 6. d3 Nf6 7. O-O O-O 8. a3 d6 9. Rb1 a5 10. Ne1 e5 11. Nc2 Be6 12. b4 cxb4 13. axb4 d5 14. cxd5 1/2-1/2

[Event "Alberta-ch"]
[Site "Edmonton CAN"]
[Date "1998.04.12"]
[Round "7"]
[White "Ottosen, David"]
[Black "Yearwood, Roy"]
[Result "1/2-1/2"]
[WhiteElo "2158"]
[BlackElo "2253"]
[PlyCount "32"]
[GameId "2160767911873513"]
[EventDate "1998.04.10"]
[EventType "tourn"]
[EventRounds "7"]
[EventCountry "CAN"]
[SourceTitle "EXT 2017"]
[Source "ChessBase"]
[SourceDate "2016.10.25"]
[SourceVersion "1"]
[SourceVersionDate "2016.10.25"]
[SourceQuality "1"]

1. Nc3 c5 2. e4 e6 3. Nf3 d6 4. d4 cxd4 5. Nxd4 e5 6. Ndb5 a6 7. Na3 Be7 8. Nc4 Nc6 9. Nd5 b5 10. Nxe7 Kxe7 11. Ne3 Nf6 12. f3 Be6 13. Be2 Qb6 14. c3 Rhd8 15. Nd5+ Bxd5 16. exd5 Na5 1/2-1/2

[Event "Alberta-ch"]
[Site "Edmonton CAN"]
[Date "1998.04.12"]
[Round "7"]
[White "South, Robert"]
[Black "Odachowski, Arthur"]
[Result "1/2-1/2"]
[WhiteElo "2319"]
[BlackElo "2297"]
[PlyCount "22"]
[GameId "2160767911873514"]
[EventDate "1998.04.10"]
[EventType "tourn"]
[EventRounds "7"]
[EventCountry "CAN"]
[SourceTitle "EXT 2017"]
[Source "ChessBase"]
[SourceDate "2016.10.25"]
[SourceVersion "1"]
[SourceVersionDate "2016.10.25"]
[SourceQuality "1"]

1. e4 c5 2. Nf3 d6 3. d4 cxd4 4. Nxd4 Nf6 5. Nc3 Nc6 6. Bg5 e6 7. Qd2 Be7 8. O-O-O O-O 9. Nb3 Qb6 10. f3 Rd8 11. Be3 Qc7 1/2-1/2

[Event "Alberta-ch U16"]
[Site "Red Deer CAN"]
[Date "1998.12.12"]
[Round "1"]
[White "Huang, Jeffrey"]
[Black "Kazakevich, Anastasia"]
[Result "1-0"]
[WhiteElo "1716"]
[BlackElo "1541"]
[PlyCount "81"]
[GameId "2160767911806039"]
[EventDate "1998.12.12"]
[EventType "tourn"]
[EventRounds "5"]
[EventCountry "CAN"]
[SourceTitle "Albertabase"]
[SourceDate "2003.08.17"]
[SourceVersion "1"]
[SourceVersionDate "2003.08.17"]
[SourceQuality "1"]

1. e4 d5 2. exd5 Nf6 3. c4 c6 4. dxc6 Nxc6 5. Nf3 Bg4 6. Be2 e6 7. Nc3 Bb4 8. O-O Qd7 9. a3 Bxc3 10. dxc3 Qc7 11. Be3 O-O 12. Qc2 Bxf3 13. Bxf3 Ne5 14. c5 Nxf3+ 15. gxf3 Nd5 16. b4 Qe5 17. Bd4 Qg5+ 18. Kh1 e5 19. Be3 Nxe3 20. fxe3 Qxe3 21. Rae1 Qg5 22. Rg1 Qf6 23. Qe4 Rab8 24. Rg3 Rfe8 25. Reg1 g6 26. R3g2 Qc6 27. Qxc6 bxc6 28. Rd2 Rbd8 29. Rgd1 Rxd2 30. Rxd2 Re7 31. c4 a6 32. a4 Rb7 33. Rb2 Kf8 34. b5 axb5 35. axb5 cxb5 36. cxb5 Ke7 37. c6 Rb6 38. Kg2 Kd6 39. Rd2+ Kc7 40. Rd5 f6 41. Kf2 1-0

[Event "Alberta-ch U16"]
[Site "Red Deer CAN"]
[Date "1998.12.12"]
[Round "2"]
[White "Kazakevich, Anastasia"]
[Black "Rajchel, John"]
[Result "0-1"]
[WhiteElo "1881"]
[BlackElo "1541"]
[PlyCount "75"]
[GameId "2160767911806040"]
[EventDate "1998.12.12"]
[EventType "tourn"]
[EventRounds "5"]
[EventCountry "CAN"]
[SourceTitle "Albertabase"]
[SourceDate "2003.08.17"]
[SourceVersion "1"]
[SourceVersionDate "2003.08.17"]
[SourceQuality "1"]

1. d4 Nf6 2. c4 e5 3. dxe5 Ng4 4. h3 Nxe5 5. e4 Bb4+ 6. Bd2 Bxd2+ 7. Nxd2 d6 8. Ngf3 Nbc6 9. Be2 O-O 10. O-O f5 11. exf5 Bxf5 12. Nxe5 Nxe5 13. Nf3 Nxf3+ 14. Bxf3 c6 15. Qb3 Rb8 16. Rfe1 Qf6 17. Rad1 Bxh3 18. c5+ d5 19. Bxd5+ cxd5 20. Qxd5+ Kh8 21. gxh3 Qxf2+ 22. Kh1 Qxb2 23. Qb3 Qxb3 24. axb3 Rf3 25. Kg2 Rxb3 26. Rd7 a5 27. Ree7 a4 28. Rxg7 Rg8 29. Rxg8+ Kxg8 30. Rd1 a3 31. Ra1 Kf7 32. Kf2 Ke6 33. Ke2 Kd5 34. Kd2 Kxc5 35. h4 Kb4 36. Kc2 Rb2+ 37. Kc1 Kb3 38. h5 0-1

[Event "Alberta-ch U16"]
[Site "Red Deer CAN"]
[Date "1998.12.12"]
[Round "3"]
[White "Tam, Eric"]
[Black "Kazakevich, Anastasia"]
[Result "1-0"]
[WhiteElo "1722"]
[BlackElo "1541"]
[PlyCount "93"]
[GameId "2160767911806041"]
[EventDate "1998.12.12"]
[EventType "tourn"]
[EventRounds "5"]
[EventCountry "CAN"]
[SourceTitle "Albertabase"]
[SourceDate "2003.08.17"]
[SourceVersion "1"]
[SourceVersionDate "2003.08.17"]
[SourceQuality "1"]

1. e4 d5 2. exd5 Nf6 3. Bb5+ Bd7 4. Be2 Nxd5 5. d4 Nc6 6. Nf3 Bg4 7. O-O e6 8. b3 Bd6 9. c4 Nf6 10. Bb2 b6 11. Nc3 O-O 12. d5 exd5 13. Nxd5 Nxd5 14. Qxd5 Bd7 15. Bd3 Re8 16. Bxh7+ Kf8 17. Ng5 Re7 18. Bg6 Be6 19. Nxe6+ Rxe6 20. Bf5 Ne7 21. Qf3 Nxf5 22. Qxf5 Qh4 23. g3 Qe4 24. Qxe4 Rxe4 25. Rfe1 Rae8 26. Kf1 Bb4 27. Rxe4 Rxe4 28. Rd1 g6 29. Bf6 Be7 30. Bxe7+ Kxe7 31. Re1 Rxe1+ 32. Kxe1 Kd6 33. Kd2 Kc5 34. Kd3 Kb4 35. h4 Kc5 36. Ke4 Kd6 37. Kf4 f6 38. g4 Ke6 39. h5 gxh5 40. gxh5 a6 41. h6 Kf7 42. Kf5 c5 43. h7 Kg7 44. h8=Q+ Kxh8 45. Kxf6 b5 46. f4 Kg8 47. Ke7 1-0

[Event "Alberta-ch U16"]
[Site "Red Deer CAN"]
[Date "1998.12.13"]
[Round "4"]
[White "Kazakevich, Anastasia"]
[Black "Haynes, Nicolas"]
[Result "1/2-1/2"]
[WhiteElo "1541"]
[BlackElo "1614"]
[PlyCount "68"]
[GameId "2160767911806042"]
[EventDate "1998.12.12"]
[EventType "tourn"]
[EventRounds "5"]
[EventCountry "CAN"]
[SourceTitle "Albertabase"]
[SourceDate "2003.08.17"]
[SourceVersion "1"]
[SourceVersionDate "2003.08.17"]
[SourceQuality "1"]

1. d4 Nf6 2. c4 g6 3. Nf3 Bg7 4. Nc3 d5 5. Bg5 Ne4 6. Bf4 Nxc3 7. bxc3 O-O 8. e3 c5 9. cxd5 Qxd5 10. Bd3 Bg4 11. Be2 Nc6 12. h3 Bf5 13. O-O c4 14. Qd2 b5 15. Bd1 a5 16. a3 e5 17. dxe5 Qxd2 18. Nxd2 Nxe5 19. e4 Nd3 20. exf5 Nxf4 21. Rc1 gxf5 22. Bf3 Rad8 23. Rc2 Nd5 24. Nb1 Rd7 25. Rd1 Rfd8 26. Rcd2 Nf6 27. Rxd7 Rxd7 28. Rxd7 Nxd7 29. Bc6 Nb6 30. Bxb5 Kf8 31. f3 Ke7 32. Kf2 Kd6 33. Ke2 f4 34. Kd2 Kd5 1/2-1/2

[Event "Alberta-ch U16"]
[Site "Red Deer CAN"]
[Date "1998.12.13"]
[Round "5"]
[White "Kazakevich, Anastasia"]
[Black "Lapides, Paul"]
[Result "0-1"]
[WhiteElo "1541"]
[BlackElo "1499"]
[PlyCount "102"]
[GameId "2160767911806043"]
[EventDate "1998.12.12"]
[EventType "tourn"]
[EventRounds "5"]
[EventCountry "CAN"]
[SourceTitle "Albertabase"]
[SourceDate "2003.08.17"]
[SourceVersion "1"]
[SourceVersionDate "2003.08.17"]
[SourceQuality "1"]

1. d4 e6 2. c4 d5 3. Nf3 Nf6 4. Nc3 c6 5. Bg5 Nbd7 6. e3 Qa5 7. Nd2 Bb4 8. Qc2 O-O 9. Bd3 dxc4 10. Bxc4 Qxg5 11. Nf3 Qg6 12. Bd3 Qh5 13. Be2 e5 14. O-O exd4 15. Nxd4 Qa5 16. a3 Bxc3 17. bxc3 Nc5 18. f3 Nd5 19. Qc1 Qxc3 20. Qxc3 Nxc3 21. Bc4 b5 22. Ba2 Nxa2 23. Rxa2 Be6 24. Rc2 Bc4 25. Rd1 Rfe8 26. e4 Red8 27. Rcd2 Rac8 28. Nf5 Rxd2 29. Rxd2 Kf8 30. Ne3 Ke7 31. Nf5+ Kf8 32. Kf2 g6 33. Nh6 Ke8 34. Ke3 Rd8 35. Rxd8+ Kxd8 36. Ng4 Ke7 37. Ne5 Kd6 38. f4 a5 39. Nxc4+ bxc4 40. Kd4 Ne6+ 41. Kxc4 Nxf4 42. g3 Ne6 43. Kc3 Kc5 44. h3 h6 45. h4 f6 46. g4 g5 47. hxg5 hxg5 48. a4 Nf4 49. Kb3 Kd4 50. Kc2 Kxe4 51. Kc3 Kd5 0-1

[Event "Alexandre Lesiege"]
[Site "Hull CAN"]
[Date "1998.12.01"]
[Round "1"]
[White "Christopher, Roger"]
[Black "Lacourse, Guy"]
[Result "0-1"]
[WhiteElo "1172"]
[BlackElo "1579"]
[PlyCount "66"]
[GameId "2160767911806047"]
[EventDate "1998.12.01"]
[EventType "swiss"]
[EventRounds "4"]
[EventCountry "CAN"]

1. e4 c5 2. Nf3 e6 3. d4 cxd4 4. Nxd4 Nf6 5. Nc3 d6 6. Bd3 Nc6 7. Nf3 a6 8. O-O Be7 9. b3 O-O 10. Bb2 Qc7 11. Nd2 Nb4 12. Be2 d5 13. exd5 Nbxd5 14. Nxd5 Nxd5 15. a4 Rd8 16. Bf3 Bb4 17. Rc1 Nc3 18. Qe1 Na2 19. Be5 Qe7 20. Rd1 Nc3 21. Bxc3 Bxc3 22. Qe2 Rb8 23. Ne4 Ba5 24. Nc5 Rxd1 25. Rxd1 Qxc5 26. Rd3 b5 27. c3 Qc7 28. Be4 bxa4 29. bxa4 Rb1+ 30. Rd1 Rxd1+ 31. Qxd1 Bd7 32. Kf1 Qxc3 33. Qe2 Qc1+ 0-1

[Event "Alexandre Lesiege"]
[Site "Hull CAN"]
[Date "1998.12.01"]
[Round "1"]
[White "Thomann, Olivier"]
[Black "Dupont, Claude"]
[Result "1-0"]
[WhiteElo "1789"]
[BlackElo "1336"]
[PlyCount "103"]
[GameId "2160767911806048"]
[EventDate "1998.12.01"]
[EventType "swiss"]
[EventRounds "4"]
[EventCountry "CAN"]

1. e4 e5 2. Nf3 d6 3. d4 Bg4 4. dxe5 dxe5 5. Qxd8+ Kxd8 6. Nxe5 Be6 7. Bc4 Bxc4 8. Nxc4 Nc6 9. O-O Bc5 10. Be3 Bxe3 11. Nxe3 Nf6 12. Nc3 Re8 13. Rad1+ Ke7 14. Ned5+ Nxd5 15. Nxd5+ Kf8 16. Nxc7 Rac8 17. Nxe8 Rxe8 18. f3 Re7 19. Rd6 g6 20. Rfd1 Nb4 21. c3 Nxa2 22. Ra1 Nxc3 23. bxc3 a6 24. Rd8+ Kg7 25. Rb8 Rc7 26. Ra3 h5 27. Rb3 b5 28. Rb6 Ra7 29. Ra3 Rd7 30. Raxa6 Rd1+ 31. Kf2 h4 32. Ra2 Rc1 33. Rc6 b4 34. Ke3 bxc3 35. Kd3 c2 36. Raxc2 Rxc2 37. Kxc2 g5 38. g3 hxg3 39. hxg3 f6 40. e5 fxe5 41. Kd3 Kf7 42. Ke4 g4 43. Kxe5 gxf3 44. Rf6+ Kg7 45. Rxf3 Kg6 46. Rf5 Kg7 47. Rf6 Kg8 48. Ra6 Kf7 49. g4 Kg7 50. Kf5 Kf7 51. Ra7+ Kg8 52. Kf6 1-0

[Event "Alexandre Lesiege"]
[Site "Hull CAN"]
[Date "1998.12.08"]
[Round "2"]
[White "Gagnon, Fabien"]
[Black "Hastie, Robert"]
[Result "1-0"]
[WhiteElo "2071"]
[BlackElo "1824"]
[PlyCount "51"]
[GameId "2160767911806049"]
[EventDate "1998.12.01"]
[EventType "swiss"]
[EventRounds "4"]
[EventCountry "CAN"]

1. d4 d5 2. Nf3 Nf6 3. e3 Bg4 4. c4 e6 5. Nc3 c6 6. cxd5 exd5 7. Be2 Nbd7 8. O-O Bd6 9. Qb3 Qc7 10. h3 h5 11. Qc2 Nf8 12. e4 Bxf3 13. Bxf3 dxe4 14. Nxe4 Nxe4 15. Qxe4+ Ne6 16. Bd2 O-O 17. Bxh5 Rad8 18. Be3 Rfe8 19. Kh1 Ng5 20. Qh4 Ne4 21. Rae1 g6 22. Bf3 f5 23. Bxe4 Rxe4 24. Qf6 Rg4 25. Bh6 Rd7 26. Re8+ 1-0

[Event "Alexandre Lesiege"]
[Site "Hull CAN"]
[Date "1998.12.08"]
[Round "2"]
[White "Lacourse, Guy"]
[Black "Duquette, Patrick"]
[Result "1/2-1/2"]
[WhiteElo "1579"]
[BlackElo "1890"]
[PlyCount "117"]
[GameId "2160767911806050"]
[EventDate "1998.12.01"]
[EventType "swiss"]
[EventRounds "4"]
[EventCountry "CAN"]

1. d4 Nf6 2. c4 g6 3. Nc3 Bg7 4. e4 d6 5. f3 O-O 6. Be3 e5 7. Nge2 c6 8. Qd2 Nbd7 9. O-O-O Re8 10. g4 Qa5 11. Kb1 b5 12. cxb5 cxb5 13. Ng3 Rb8 14. h4 b4 15. Nce2 Nb6 16. Nc1 exd4 17. Bxd4 Be6 18. g5 Nfd7 19. Bxg7 Kxg7 20. Qd4+ Kg8 21. Nb3 Bxb3 22. axb3 Nc5 23. Bc4 Nxc4 24. Qxc4 Qb6 25. Rd5 Rbc8 26. Rc1 Kg7 27. Qd4+ Kg8 28. Rxd6 Nxb3 29. Qxb6 Rxc1+ 30. Ka2 axb6 31. Kxb3 Rg1 32. Ne2 Rg2 33. Nd4 Rd2 34. Kxb4 Rxb2+ 35. Kc3 Rh2 36. Rxb6 Rxh4 37. Kd3 Rh5 38. Rb5 Rd8 39. Ke3 Rh1 40. e5 Rd1 41. Rb4 Re8 42. f4 Rd8 43. Nc6 Re8 44. Nd4 Kf8 45. Nc6 Rc8 46. Nd4 Kg7 47. Ra4 h5 48. gxh6+ Kxh6 49. Nf3 Re8 50. Ra2 Rh1 51. Ke4 f6 52. Rg2 fxe5 53. Nxe5 Re6 54. Rg4 Ra6 55. Nf7+ Kg7 56. Ne5 Re1+ 57. Kf3 Rf6 58. Nd3 Ra1 59. Nf2 1/2-1/2

[Event "Alexandre Lesiege"]
[Site "Hull CAN"]
[Date "1998.12.08"]
[Round "2"]
[White "Pilon, Robert"]
[Black "Thomann, Olivier"]
[Result "1/2-1/2"]
[WhiteElo "1558"]
[BlackElo "1789"]
[PlyCount "64"]
[GameId "2160767911806051"]
[EventDate "1998.12.01"]
[EventType "swiss"]
[EventRounds "4"]
[EventCountry "CAN"]

1. d4 Nf6 2. c4 e5 3. dxe5 Ng4 4. e4 Nxe5 5. Nc3 Bc5 6. Nf3 Nbc6 7. Nxe5 Nxe5 8. Be2 O-O 9. Bf4 d6 10. Bxe5 dxe5 11. O-O Be6 12. a3 a5 13. Qxd8 Rfxd8 14. Rfd1 Bd4 15. Rac1 c6 16. b3 Kf8 17. Kf1 Rd7 18. Ke1 Rad8 19. a4 Bc5 20. Kf1 Ba3 21. Rxd7 Rxd7 22. Rd1 Ke7 23. g3 Rd4 24. f4 Bb2 25. Rxd4 exd4 26. Nd1 Ba3 27. f5 Bd7 28. Nf2 g6 29. g4 Bd6 30. Kg2 Kf6 31. Nd3 gxf5 32. gxf5 b6 1/2-1/2